banner koha

Componentes inorganicos da cana-do-brejo (Costus epicatus rosc.) (Registro n. 327449)

MARC details
000 -LÍDER
campo de controle de tamanho fixo 01135naa a22003257a 4500
001 - NÚMERO DE CONTROLE
campo de controle BR9704161
003 - IDENTIFICADOR DO NÚMERO DE CONTROLE
campo de controle BR-BrBNA
005 - DATA E HORÁRIO DA ÚLTIMA TRANSAÇÃO
campo de controle 20240918181911.0
007 - CAMPO FIXO DE DESCRIÇÃO FÍSICA--INFORMAÇÃO GERAL
campo de controle de tamanho fixo ta
008 - CAMPO DE DADOS FIXOS--INFORMAÇÃO GERAL
campo de controle de tamanho fixo 230509b bl.||||| |||| 00| 0 por d
040 ## - FONTE DA CATALOGAÇÃO
Instituição da catalogação original BR-BrBNA
Idioma da catalogação por
Instituição que transcreveu o registro Biblioteca Nacional de Agricultura
041 ## - CÓDIGO DE IDIOMA
Código do idioma do texto/trilha sonora ou título diferente (Pt)
072 ## - CÓDIGO DE CATEGORIA DE ASSUNTO
Código de Categoria de Assunto H60
Código do objeto 2790
090 ## - NÚMERO DE CHAMADA LOCAL
Número de chamada H60 BR9704161
100 1# - ENTRADA PRINCIPAL--NOME PESSOAL
Nome pessoal Lima, C.L.S. de
100 1# - ENTRADA PRINCIPAL--NOME PESSOAL
Nome pessoal Oliveira, R. da C.A.
100 1# - ENTRADA PRINCIPAL--NOME PESSOAL
Nome pessoal Lemos, V.P
111 1# - ENTRADA PRINCIPAL--NOME DO EVENTO
Nome do evento ou lugar 5. Encontro de Profissionais da Quimica da Amazonia
Local do evento Sao Luis, MA (Brazil)
Data do evento ou assinatura do tratado 1985
245 1# - TÍTULO
Título Componentes inorganicos da cana-do-brejo (Costus epicatus rosc.)
260 3# - PUBLICAÇÃO, DISTRIBUIÇÃO, ETC.
Local de publicação, distribuição, etc. Sao Luis, MA (Brasil):
Data da publicação, distribuição, etc. 1985.
500 ## - NOTA GERAL
Nota geral Anais do 5. Encontro de Profissionais de Quimica da Amazonia<br/>Sao Luis, MA (Brasil): 1985. p. 37-49<br/>(BR9704161-AM)H60<br/>
650 ## - ASSUNTO--TERMO TÓPICO
Cabeçalho tópico ou nome geográfico Graminea Forrageira
650 ## - ASSUNTO--TERMO TÓPICO
Cabeçalho tópico ou nome geográfico Taxonomia
650 ## - ASSUNTO--TERMO TÓPICO
Cabeçalho tópico ou nome geográfico Analise Quimica
650 ## - ASSUNTO--TERMO TÓPICO
Cabeçalho tópico ou nome geográfico Toxidez
650 ## - ASSUNTO--TERMO TÓPICO
Cabeçalho tópico ou nome geográfico Cobaia
773 0# - ENTRADA ANALÍTICA
Título Anais do 5. Encontro de Profissionais de Quimica da Amazonia
Número de controle do registro H60 BR9704161
Partes relacionadas Sao Luis, MA (Brasil), 1985. p. 37-49
909 ## -
-- 202404
-- Lucia
-- 55
-- Lucia Elande
942 ## - ELEMENTOS DE ENTRADA ADICIONADOS (KOHA)
Tipo de material Koha Capítulo-Livro
Fonte da classificação ou esquema de arquivamento na estante Classificação AGRIS
Exemplares
Situação do descarte Fonte da classificação ou esquema de arquivamento na estante Situação física Não pode ser emprestado Coleção Biblioteca de origem Biblioteca atual Localização na estante Total de empréstimos Número de telefone completo Data de último acesso Número do exemplar Tipo de material Koha Situação das perdas Data de aquisição Fonte de aquisição
  Classificação AGRIS       Biblioteca Nacional de Agricultura - Binagri Biblioteca Nacional de Agricultura - Binagri Agrobase - Acervo Geral   F60 BR9704158 20/05/2024 01 Capítulo-Livro   2024-04-11 Portaria Interministerial nº 164/94

BINAGRI

Telefone: (61)3218-2567/2388/3357/2097 - binagri@agro.gov.br

Ministério da Agricultura e Pecuária , Esplanada dos Ministérios, Bloco D, Anexo B, Brasília/DF, CEP: 70.043-900